Normal view
MARC view
- Adhikary, Manas Mohan
Entry Personal Name
001 - CONTROL NUMBER
- control field: 4082
003 - CONTROL NUMBER IDENTIFIER
- control field: OSt
005 - DATE AND TIME OF LATEST TRANSACTION
- control field: 20190517152710.0
008 - FIXED-LENGTH DATA ELEMENTS
- fixed length control field: 190517|| aca||aabn | a|a d
040 ## - CATALOGING SOURCE
- Original cataloging agency: OSt
- Transcribing agency: OSt
100 ## - HEADING--PERSONAL NAME
- Personal name: Adhikary, Manas Mohan
670 ## - SOURCE DATA FOUND
- Source citation: Work cat.: (OSt): Adhikary, Manas Mohan, Enterprise and entrepreneurship for agri-business management and planning : the global perspective, 2014
